000 00725nam a2200289Ia 4500
008 180803s9999 xx 000 0 und d
020 _a9780439686235
050 _bM271 2004
100 _aMand, Adrienne
245 0 _aFighting the odds :
245 0 _bone kid's battle to save his friends /
245 0 _cby Adrienne Mand.
260 _aBroadway, New York :
260 _bScholastic,
260 _c2004
300 _a26 pages :
300 _bcolored ;
300 _c19cm.
440 _aRead 180.
500 _a610
650 _aBone marrow --Transplantation --
650 _aPenon, Michael.
650 _aTucker, Alden.
650 _xJuvenile literature.
700 _aSeries.
700 _aTitle.
999 _c358250
_d358250